Bordering Countries Quiz Stats

 Plays Quiz Updated Feb 13, 2019

Support Sporcle.
Go Orange.
Score 0/30 Timer 08:00
7 Plays Today
Bordering Countries Country % Correct
Canada, MexicoUnited States
99.8%
China, RussiaMongolia
87.8%
Austria, France, Germany, Italy, LiechtensteinSwitzerland
78%
Belgium, France, GermanyLuxembourg
75.8%
Saudi Arabia, United Arab Emirates, YemenOman
75.7%
Argentina, BrazilUruguay
74.6%
China, Russia, South KoreaNorth Korea
73.1%
Argentina, Bolivia, PeruChile
73.1%
Cambodia, China, LaosVietnam
72%
Finland, Sweden, RussiaNorway
70.3%
France, SpainAndorra
68.4%
Israel, Libya, Palestine, SudanEgypt
67.2%
Algeria, LibyaTunisia
64.1%
India, Myanmar (Burma)Bangladesh
64.1%
Nicaragua, PanamaCosta Rica
63.8%
Bordering Countries Country % Correct
Algeria, Mauritania, SpainMorocco
63%
Albania, Bulgaria, North Macedonia, TurkeyGreece
60%
Latvia, Lithuania, Poland, Russia, UkraineBelarus
59.4%
Israel, SyriaLebanon
59%
Namibia, South Africa, Zambia, ZimbabweBotswana
58.5%
Brunei, Indonesia, ThailandMalaysia
57.7%
Brazil, Colombia, GuyanaVenezuela
57.5%
Guatemala, MexicoBelize
56.7%
Djibouti, Ethiopia, KenyaSomalia...
56.2%
El Salvador, Guatemala, NicaraguaHonduras
55%
Mozambique, South AfricaEswatini
52.1%
Romania, UkraineMoldova
51.7%
Benin, Burkina Faso, GhanaTogo
50.7%
Armenia, Georgia, Iran, Russia, TurkeyAzerbaijan
48.7%
Mozambique, Tanzania, ZambiaMalawi
42.7%

From the Vault

Click a Superhero Show (2000s)

by Extinctanimals22

Knowing lots of random trivia is our super power.
Remove Ads.
Support Sporcle.
Get the best of Sporcle when you Go Orange. This ad-free experience offers more features, more stats, and more fun while also helping to support Sporcle. Thank you for becoming a member.

Show Comments

Extras

Top Quizzes Today


Score Distribution

Your Account Isn't Verified!

In order to create a playlist on Sporcle, you need to verify the email address you used during registration. Go to your Sporcle Settings to finish the process.

Report this User

Report this user for behavior that violates our Community Guidelines.

Details: